000 01436cam a2200421Ka 4500
001 81776
005 20230410124134.0
008 081023s2006 mx eo r 000 0 spa d
035 _a(OCoLC)ocn263146305
040 _aUIA
_bspa
_cUIA
020 _a9685740127
020 _a9789685740128
035 _a(OCoLC)263146305
041 1 _aspa
_aeng
050 1 4 _aNA 755
_bD559 2006
049 _aGRAL
245 1 0 _aXVI premio obras CEMEX =
_bXVI CEMEX building award /
_ctextos Miguel González Virgen ; traducción Sausan Ridsdale, Diana Hardman
246 1 1 _aXVI CEMEX building award
246 1 2 _aDieciseisavo premio obras CEMEX
246 1 2 _aCEMEX building award
250 _a1a ed.
260 _aMonterrey, N.L. :
_bCEMEX,
_c2006.
300 _a329 p.
_bfotos col., planos ;
_c29 cm.
546 _aEspañol e inglés.
650 0 _aArchitecture
_zMexico
_xHistory
_y21st century
_vCatalogs.
650 0 _aArchitecture, Modern
_y21st century
_vCatalogs.
650 0 _aArchitecture
_xCompetitions
_zMexico
_vCatalogs.
650 0 _aConcrete construction
_zMexico
_vCatalogs.
650 4 _aArquitectura
_zMéxico
_ySiglo XXI
_vCatálogos
650 4 _aArquitectura
_xConcursos
_zMéxico
_vCatálogos
650 4 _aConstrucciones de concreto
_zMéxico
_vCatálogos
700 1 _aGonzález Virgen, Miguel
700 1 _aRidsdale, Sausan
700 1 _aHardman, Diana
942 _2lcc
_cbk
994 _aC0
_bDRFGD
946 _amm
999 _c71781
_d71781